000 00966nam a2200301 a 4500
001 1352
003 BR-CuiBMT
005 20231210032920.0
008 231126s2015 dtba 000 0 por d
020 _a9781565812314
040 _aBR-CuiBMT
_cBR-CuiBMT
080 _22007
_a34:351.77
090 _a34:351.77
_bD598
245 0 0 _aDireito sanitário em perspectiva /
_corganizadores Maria Célia Delduque ; Sandra Mara Campos Alves ; Nicolao Dino Neto.
260 _aBrasília :
_bESMPU,
_bFIOCRUZ,
_c2015.
300 _a686 p. :
_bil. color. ;
_c23 cm
490 1 _aPós-graduação ;
_vv. 2
504 _aInclui bibliografia.
650 _aDireito sanitário
650 _aPolítica de saúde
650 _aSistema Único de Saúde
650 _aVigilância sanitária
700 1 _aAlves, Sandra Mara Campos
_4org.
700 1 _aDelduque, Maria Célia
_4org.
700 1 _aDino Neto, Nicolao
_4org.
830 0 _aPós-graduação ;
_v2
942 _2udc
_cLV
999 _c1352
_d1352